Provinces of Chile with a Map - Statistics

General Stats
  • This quiz has been taken 723 times
  • The average score is 19 of 56
Answers on the Map
Answers color-coded by a green-red scale on the quiz's map according to % correct below.
 
Answer Stats
Region Province % Correct
Santiago Santiago
94%
Valparaíso Valparaíso
80%
Antofagasta Antofagasta
73%
Arica y Parinacota Arica
71%
Magallanes Magallanes
57%
Magallanes Tierra del Fuego
56%
Bío-Bío Concepción
55%
Arica y Parinacota Parinacota
55%
Tarapacá Iquique
54%
Aysén Aysén
53%
Bío-Bío Bío-Bío
52%
Los Lagos Chiloe
46%
Los Ríos Valdivia
46%
Atacama Copiapó
43%
Maule Talca
41%
Valparaíso Isla de Pascua
37%
Los Lagos Osorno
37%
Magallanes Antártica Chilena
35%
Valparaíso Los Andes
35%
Valparaíso San Antonio
33%
Aysén Coyhaique
32%
Santiago Cordillera
31%
Santiago Maipo
30%
Valparaíso San Felipe
30%
Antofagasta Tocopilla
30%
Santiago Melipilla
29%
Maule Curicó
28%
Antofagasta El Loa
28%
Coquimbo Elqui
28%
Bío-Bío Arauco
27%
Atacama Huasco
27%
Maule Linares
27%
Valparaíso Marga Marga
27%
Valparaíso Quillota
27%
Magallanes Ultima Esperanza
27%
Atacama Chañaral
26%
Valparaíso Petorca
26%
Tarapacá Tamarugal
26%
Santiago Chacabuco
24%
Coquimbo Limarí
24%
Los Lagos Llanquihue
24%
La Araucanía Malleco
24%
La Araucanía Cautín
23%
Los Lagos Palena
23%
Santiago Talagante
23%
O'Higgins Cachapoal
21%
O'Higgins Cardenal Caro
21%
Maule Cauquenes
21%
Coquimbo Choapa
21%
O'Higgins Colchagua
21%
Los Ríos Ranco
21%
Aysén Capitán Prat
20%
Aysén General Carrera
19%
Ñuble Itata
19%
Ñuble Diguillín
17%
Ñuble Punilla
15%
No matching quizzes found
Score Distribution
Percent of People with Each Score
Percentile by Number Answered
Your Score History
You have not taken this quiz